Empire: 50 Greatest Actors Of All Time - Statistics

General Stats
  • This quiz has been taken 146 times
  • The average score is 24 of 50
Answer Stats
Actor Role % Correct
Tom Cruise Jerry Maguire
93%
Tom Hanks Forrest Gump
92%
Robert DeNiro Jake LaMotta
89%
Pénelope Cruz Maria Elena
88%
Leonardo DiCaprio Jack Dawson
87%
Al Pacino Tony Montana
86%
Anthony Hopkins Hannibal Lecter
86%
Jack Nicholson Jack Torrance
86%
Philip Seymour Hoffman Truman Capote
79%
Christian Bale Patrick Bateman
76%
Meryl Streep Sophie Zawistowski
68%
Denzel Washington Alonzo Harris
63%
Humphrey Bogart Rick Blaine
62%
James Stewart George Bailey
58%
Marlon Brando Terry Malloy
58%
Cate Blanchett Lydia Tár
56%
Daniel Day-Lewis Daniel Plainview
54%
Samuel L. Jackson Jules Winnfield
53%
Viola Davis Ma Rainey
53%
Bette Davis Margo Channing
51%
Michael Caine Alfie Cartwright
51%
Katharine Hepburn Alice Adams
50%
Morgan Freeman Ellis Boyd "Red" Redding
50%
Ingmar Bergman Ilsa Lund
49%
Gene Hackman Jimmy "Popeye" Doyle
46%
Michelle Williams Mitzi Fabelman
45%
Nicole Kidman Virginia Woolf
44%
Charlize Theron Aileen Wuornos
43%
Paul Newman "Fast" Eddie Felson
42%
Sidney Poitier Virgil Tibbs
41%
Joaquin Phoenix Arthur Fleck
36%
Heath Ledger Ennis Del Mar
33%
Frances McDormand Marge Gunderson
30%
Kate Winslet Hanna Schmitz
30%
Marilyn Monroe Sugar "Kane" Kowalczyk
29%
Nicolas Cage Cameron Poe
29%
Olivia Colman Queen Anne
28%
Laurence Olivier Crassus
27%
Natalie Portman Nina Sayers
27%
Tom Hardy Charles Bronson
27%
Julianne Moore Alice Howland
26%
Buster Keaton William Canfield Jr.
25%
Gary Oldman Norman Stansfield
25%
Michelle Yeoh Evelyn Wang
23%
Greta Garbo Anna Karenina
22%
Alec Guinness Colonel Nicholson
19%
Tilda Swinton Orlando
19%
Toshiro Mifune Kikuchiyo
17%
Florence Pugh Amy March
16%
Shah Rukh Khan Devdas Mukherji
5%
No matching quizzes found
Score Distribution
Percent of People with Each Score
Percentile by Number Answered
Your Score History
You have not taken this quiz